Chronicles of the frigate Macedonian, 1809-1922 / (Record no. 13340)
[ view plain ]
| 000 -LEADER | |
|---|---|
| fixed length control field | 00416cam a2200145Ia 4500 |
| 020 ## - INTERNATIONAL STANDARD BOOK NUMBER | |
| ISBN | 0393320243 (pbk.) : |
| 040 ## - CATALOGING SOURCE | |
| Transcribing agency | OCO |
| 082 ## - DEWEY DECIMAL CLASSIFICATION NUMBER | |
| Classification number | 973 NOR 2000 A101 A045 Or. |
| 100 1# - MAIN ENTRY--AUTHOR NAME | |
| Personal name | De Kay, James T |
| 245 10 - TITLE STATEMENT | |
| Title | Chronicles of the frigate Macedonian, 1809-1922 / |
| 260 ## - PUBLICATION, DISTRIBUTION, ETC. (IMPRINT) | |
| Place of publication | New York : |
| Name of publisher | Norton, |
| Year of publication | 2000 |
| 300 ## - PHYSICAL DESCRIPTION | |
| Number of Pages | 336 p. : |
| Other physical details | ill. ; |
| Dimensions | 22 cm |
| 500 ## - GENERAL NOTE | |
| General note | Originally published: New York : Norton, c1995 |
| 942 ## - ADDED ENTRY ELEMENTS (KOHA) | |
| Koha item type | សៀវភៅភាសាអង់គ្លេស |
| 952 ## - LOCATION AND ITEM INFORMATION (KOHA) | |
| Withdrawn status [LOCAL, KOHA] | 0 |
| Permanent Location | Date acquired | Koha item type | Lost status | Shelving location | Barcode | Current Location | Full call number |
|---|---|---|---|---|---|---|---|
| Library Block A | 2017-08-24 | សៀវភៅភាសាអង់គ្លេស | A101 | A17538 | Library Block A | 973 NOR 2000 A101 A045 Or. |